LEADER 01422nam1-22003851n-450- 001 990001237130203316 005 20091119151306.0 010 $a88-14-08682-6 035 $a000123713 035 $aUSA01000123713 035 $a(ALEPH)000123713USA01 035 $a000123713 100 $a20031104-2000----m||y0itay0103----ba 101 0 $aita 102 $aIT 105 $ay|||z|||001yy 200 1 $aDal sistema burocratico alla cultura della qualità nelle amministrazioni pubbliche$emodelli di analisi e strumenti operativi$fMariacristina Bonti 210 $aMilano$cGiuffrè$d2000 215 $aXX, 298 p.$d24 cm 225 2 $aCollana di studi economico-aziendali$hN.S.$v39 410 0$12001$aCollana di studi economico-aziendali$hN.S.$v39 606 0 $aAmministrazione pubblica$xGestione$xControllo 606 0 $aAmministrazione pubblica$xServizi$xControllo di qualità 676 $a350.0075 700 1$aBONTI,$bMariacristina$0479448 801 0$aIT$bsalbc$gISBD 912 $a990001237130203316 951 $aXXX.B. Coll. 10/ 41 (COLL ECV 39)$b11258 E.C.$cXXX.B. Coll. 10/ 41 (COLL ECV)$d00086710 959 $aBK 969 $aECO 979 $aRENATO$b90$c20031104$lUSA01$h1129 979 $aPATRY$b90$c20040406$lUSA01$h1728 979 $aRSIAV3$b90$c20091119$lUSA01$h1513 996 $aDal sistema burocratico alla cultura della qualità nelle amministrazioni pubbliche$9734852 997 $aUNISA LEADER 00570nas 2200169z- 450 001 9910741315503321 035 $a(CKB)5840000000379708 035 $a(EXLCZ)995840000000379708 100 $a20230912cuuuuuuuu -u- - 101 0 $aeng 200 00$aMitteilungen / Schweizerische Gesellschaft für Familienforschung = Bulletin d'information / Société suisse d'études généalogiques 210 $cSchweizerische Gesellschaft für Familienforschung 311 $a1424-5914 906 $aJOURNAL 912 $a9910741315503321 996 $aMitteilungen$91921076 997 $aUNINA LEADER 02398nam 2200637Ia 450 001 9910789628503321 005 20230721013913.0 010 $a1-299-05264-9 010 $a1-60344-492-0 035 $a(CKB)2670000000078842 035 $a(EBL)3037872 035 $a(SSID)ssj0000531074 035 $a(PQKBManifestationID)12214286 035 $a(PQKBTitleCode)TC0000531074 035 $a(PQKBWorkID)10569343 035 $a(PQKB)11723252 035 $a(OCoLC)708568332 035 $a(MiAaPQ)EBC3037872 035 $a(OCoLC)1132667678 035 $a(MdBmJHUP)muse77155 035 $a(Au-PeEL)EBL3037872 035 $a(CaPaEBR)ebr10447187 035 $a(CaONFJC)MIL436514 035 $a(EXLCZ)992670000000078842 100 $a20060911d2007 ub 0 101 0 $aeng 135 $aur|n|---||||| 181 $ctxt 182 $cc 183 $acr 200 10$aEthics & analysis$b[electronic resource] $ephilosophical perspectives and their application in therapy /$fLuigi Zoja ; foreword by David H. Rosen 205 $a1st ed. 210 $aCollege Station $cTexas A&M University Press$dc2007 215 $a1 online resource (148 p.) 225 1 $aCarolyn and Ernest Fay series in analytical psychology ;$vno. 13 300 $aDescription based upon print version of record. 311 $a1-58544-578-9 320 $aIncludes bibliographical references (p. [115]-117) and index. 327 $aPart I: Ethics : ethics as the elaboration of complexity -- Justice -- Beauty -- Palace and square -- Can evil be avoided if ugliness is compulsory? -- Has beauty been shrinking throughout history? -- Ethics again -- The gray zone -- Narration -- Growing unethical? -- The ethics of analysis -- Part II: Analysis : ethical perspectives on psychotherapy -- Processing -- Sabine S. and Anna O. -- A new ethical frontier -- Final remarks. 410 0$aCarolyn and Ernest Fay series in analytical psychology ;$vno. 13. 517 3 $aEthics and analysis 606 $aEthics 606 $aPsychoanalysis 606 $aPsychotherapy 615 0$aEthics. 615 0$aPsychoanalysis. 615 0$aPsychotherapy. 676 $a174/.9150195 700 $aZoja$b Luigi$0320711 801 0$bMiAaPQ 801 1$bMiAaPQ 801 2$bMiAaPQ 906 $aBOOK 912 $a9910789628503321 996 $aEthics & analysis$93808919 997 $aUNINA